Kazimierz Wielki - Statystyki

Ogólne statystyki
  • Ten quiz został rozwiązany 9 razy
  • Średni wynik to 7 z 11
Statystyki odpowiedzi
Hint Odpowiedź % Poprawnych
W którym roku został koronowany na króla 1333
100%
Kto był ojcem Kazimierza Wielkiego Władysław Łokietek
100%
W którym roku zbudował akademię krakowską 1364
88%
W którym roku zmarł 1370
88%
Miasto w którym zawarł pokój z krzyżakami Kalisz
63%
W którym roku zawarł pokój z krzyżakami 1343
50%
Z jakiego kraju pochodzi ta osoba z Czech
50%
Jaki region to państwo za to zyskało Ślask
50%
Jaką część ziem Kazimierz Wielki przyłączył do polski Ruś Halicka
38%
Jaką jest najlepsza pani od historii Danuta J.
13%
Z kim Kazimierz Wielki zawał pakt o ubieganie się o polską koronę z Janem Luksemburskim
13%
Nie znaleziono quizów pasujących do podanych kryteriów
Rozkład punktacji
Procent ludzi z każdym wynikiem
Percentyl według liczby udzielonych odpowiedzi
Twoja historia wyników
Nie rozwiązałeś tego quizu